Využívanie biometrických technológií v podnikoch zborník vedeckých príspevkov
Salvato in:
| Altri autori: | |
|---|---|
| Natura: | Libro |
| Lingua: | slovacco inglese |
| Pubblicazione: |
Banská Bystrica
[Katedra ekonomiky a manažmentu podniku Ekonomickej fakulty UMB v Banskej Bystrici]
2022
|
| Soggetti: | |
| Tags: |
Nessun Tag, puoi essere il primo ad aggiungerne!!
|
MARC
| LEADER | 00000nlm a2200000 4500 | ||
|---|---|---|---|
| 001 | 0283377 | ||
| 005 | 20240416114150.3 | ||
| 020 | |a 978-80-557-1956-6 | ||
| 041 | 0 | |a slo | |
| 041 | 0 | |a eng | |
| 044 | |a SK | ||
| 245 | 1 | 0 | |a Využívanie biometrických technológií v podnikoch |b zborník vedeckých príspevkov |c zostavovateľ: Janka Táborecká |
| 264 | 1 | |a Banská Bystrica |b [Katedra ekonomiky a manažmentu podniku Ekonomickej fakulty UMB v Banskej Bystrici] |c 2022 | |
| 300 | |a CD-ROM [50] s. | ||
| 610 | 2 | 0 | |a biometrika |
| 610 | 2 | 0 | |a štatistika matematická |
| 610 | 2 | 0 | |a biotechnológia |
| 610 | 2 | 0 | |a zákazníci |
| 610 | 2 | 0 | |a priemysel automobilový |
| 610 | 2 | 0 | |a riadenie ľudských zdrojov |
| 700 | 1 | |a Táborecká, Janka | |